Tilastot visalle Historiaa kirjaimittain - T

Klikkaa tästä pelataksesi tätä visaa!

Yleistilastot

  • Tätä visaa on pelattu 160 kertaa
  • Keskiarvotulos 13 / 20

Vastaustilastot

VihjeVastaus% Oikein
Suomen ja Neuvostoliiton välinen sota 1939–1940Talvisota
98%
Jäävuoreen vuonna 1912 osunut laivaTitanic
98%
Vuoden 1986 ydinvoimalaonnettomuuden tapahtumapaikkaTšernobyl
93%
Afganistanin uudelleen vuonna 2021 hallintaansa saanut ääriliikeTaliban
91%
Nuorena kuollut faarao, jonka hauta löydettiin vuonna 1922Tutankhamon
79%
Yhdistyneen kuningaskunnan ensimmäinen naispuolinen pääministeriMargaret Thatcher
75%
Kiinan vuonna 1951 valloittama alueTiibet
74%
Antiikin Roomassa ylimystön käyttämä kaapumainen vaateTooga
72%
Jugoslavian johtaja 1945–1980Josip Broz Tito
69%
Kiinan ensimmäisen keisarin hautaa "vartioimaan" rakennettu patsaiden armeija{Terrakotta}-armeija
66%
Marmorista rakennettu mauseoleumi, jota pidetään Mogulivaltakunnan taidokkaimpana rakennelmanaTaj Mahal
63%
Muun muassa vaihtovirran keksijä ja yksi ensimmäisistä radiotekniikan kehittäjistäNikola Tesla
60%
Pekingin verilöylyn 1989 tapahtumapaikkaTiananmenin aukio
58%
1760-luvun paikkeilla Britanniassa alkanut vallankumous{Teollinen} vallankumous
54%
Maanpaossa elänyt Neuvostoliiton perustaja, joka salamurhattiin MeksikossaLev Trotski
52%
Vuoden 1773 verotusprotesti BostonissaTeekutsut
52%
Antiikin Kreikan kaupunkivaltio ja muinaisen Egyptin pääkaupunkiTheba
37%
Asteekkivaltakunnan pääkaupunkiTenochtitlán
30%
Rooman valtakunnan toinen keisariTiberius
30%
5 % maailman väestöstä kuoli 1300-luvulla tämän valloittajan toimien seurauksenaTimur Lenk
24%

Tulosjakauma

Persentiili vastausten määrän mukaan

Jokaisen tuloksen saaneiden osuus

Tuloshistoriasi

Et ole pelannut tätä visaa